• 首页
  • 本馆介绍
  • 公告通知
  • 最新文献
  • 馆藏检索
  • 电子资源
  • 读者导购
  • 参考咨询
  • 我的图书馆
  • 登录
  • 详细信息显示
  • 放入我的书架
  • 预约/预借图书
  • 作者相关作品
  • 分类相关作品
  • 丛书相关作品
  • 出版社相关作品

书目信息

  • 表格格式
  • 工作单格式
  • 卡片格式
题名:
技术教育概论
    
 
作者: 细谷俊夫 编著 ;肇永和 , 王立精 译
分册:  
出版信息: 北京   清华大学出版社  1984
页数: 369页
开本: 19cm
丛书名:
单 册:
中图分类: G710
科图分类:
主题词: 技术教育--概论 , 教育--类型
电子资源:
ISBN:
000 00759nam0 2200277 45
001 0184005290
005 20040429091201.4
010    @dCNY1.70
091    @a7235.12
100    @a19950623d1984 emky0chiy0121 ea
101 1  @achi@cjpn
102    @aCN@b110000
105    @ay z 000yy
106    @ar
200 10 @a技术教育概论@Aji shu jiao yu gai lun@f(日)细谷俊夫编著@g肇永和,王立精译
210    @a北京@c清华大学出版社@d1984
215    @a369页@d19cm
606    @a技术教育@x概论
606 0  @a教育@x类型
690    @aG710
701  0 @a细谷俊夫@Axi gu jun fu@4编著
702  0 @a肇永和@Azhao yong he@4译
702  0 @a王立精@Awang li jing@4译
801  0 @aCN@b上海图书馆@c20040429
801  2 @aCN@bNLC@c20040429
905    @f2@b108198-199@dG710@e3
    
    技术教育概论/(日)细谷俊夫编著/肇永和,王立精译.-北京:清华大学出版社,1984
    369页;19cm
    
    
    ISBN :CNY1.70
    
●
相关链接 在E读中查询图书 在五车中查询图书 在当当中查询图书 在豆瓣中查询图书


正题名:技术教育概论     索取号:G710/3         预约/预借

序号 登录号 条形码 馆藏地/架位号 状态 备注
1 0108198   001002541   密集书库/ [索取号:G710/3] 在馆    
2 0108199   001002550   密集书库/ [索取号:G710/3] 在馆    
3 0108200   001002532   第一样本阅览室/ [索取号:G710/3] 在馆    
唐山师范学院图书馆 欢迎您!
大连网信软件有限公司© 版权所有